000 00714cam a2200241 a 4500
001 69293
003 BD-RjUL
005 20211209081853.0
008 170410s1977 caua 001 0 eng d
020 _a0870410369
035 _a(BD-RjUL)69504
040 _aGAM-M
_cGAM-M
_dBD-RjUL
_beng
041 _aeng
082 _a572
_bHAR 1977
_223
245 0 0 _aHarper's Review of biochemistry /
_cDavid W. Martin ... [et al.]
250 _a16th ed.
260 _aLos Altos, Calif. :
_bLange Medical Publications,
_cc1977.
300 _a681 p. :
_bill. ;
_c26 cm.
504 _aIncludes bibliographical references and index.
650 2 _aBiochemistry.
_937776
700 1 _aMartin, David W.
_937777
942 _2ddc
_cBK
999 _c69293
_d69293